000 00597nam a2200205Ia 4500
003 GCL
008 140319s9999 xx 000 0 eng d
020 _a5050028396
040 _aGCL /
_cGCL
082 0 4 _a891.7
_bS A
100 1 _aSTRELKOVA, IRINA
245 1 0 _aANIMALS TALES FROM THE RUSSIAN COUNTRYSIDE /
_cSTRELKOVA, IRINA
700 1 _aELKONINA, NATALIA
260 _aروسيا :
_bRADUGA PUBLISHERS ،
_c1990
300 _a16 CM ؛
_c125 P
650 0 4 _aRUSSIAN LITERATURE
650 0 4 _aRUSSIA - FICTION
650 0 4 _aRUSSIAN LITERATURE - TRANSLATION INTO ENGLISH
942 _2ddc
_cBK
999 _c4673
_d4673